00517nam a2200145Ia 4500008004100000020001800041050001600059100003300075245007100108260002300179300001100202650003600213952010500249999001700354120626s9999 xx 000 0 und d a968-24-7451-5 aKGF1789 T33 aTABARES SCOTT, Jorge Alberto aGuía práctica de derecho laboral / Jorge alberto Tabares Scott aMéxico : Trillas a133 p. a1. DERECHO LABORAL -- MEXICOÌ 00104070a09b09d2010-09-13l3oKGF1789 T33p09 003626r2018-10-31s2018-10-31t1w2012-06-26yLB c64572d64572